Letná škola mechatroniky pre stredné školy technického zamerania : organizovaná v rámci projektu ESF ITMS 1123031015-Akronym KP5 : 12.-14. jún 2007, Trenčín

Bibliographic Details
Corporate Author: Letná škola mechatroniky Trenčín, Slovensko
Other Authors: Anwarzai, Branislav (Editor), Tkáč, Jozef (Editor)
Format: Conference Proceeding Book
Language:Slovak
Czech
PhysicalDescription:90 s. fotogr. (prevažne fareb.), sch., tab. 21 cm
Published: Trenčín Trenčianska univerzita Alexandra Dubčeka 2007
ISBN:9788080752156 (brož.)
Edition:[1. vyd.]
Subjects:

MARC

LEADER 00000nam a2200000 a 4500
001 vtls009156990
003 SK-MaSNL
005 20260302005457.0
008 160830s2007 xo ol f a 100 0 slo
015 |a SNBA2008/02-00531 
020 |a 9788080752156 (brož.) 
035 |a 7A4F96F2-FBFC-40D0-A869-12B349E05628 
035 |a urn:nbn:sk:snk-amk4k2 
035 |a urn:nbn:sk:snk-am0057rx 
040 |a SNK  |b slo  |c SNK  |e AACR2 
041 0 |a slo  |a cze  |b slo  |b cze 
044 |a xo  |c SK 
072 7 |a 62  |x Technika všeobecne  |2 konspekt 
080 |a 621:004.896  |2 2001 
080 |a 62-027.45  |2 2001 
080 |a (062.534)  |2 2001 
111 2 |a Letná škola mechatroniky  |d (2007 :  |c Trenčín, Slovensko)  |9 646981 
245 1 0 |a Letná škola mechatroniky  |b pre stredné školy technického zamerania : organizovaná v rámci projektu ESF ITMS 1123031015-Akronym KP5 : 12.-14. jún 2007, Trenčín  |c [editori: Branislav Anwarzai, Jozef Tkáč] 
250 |a [1. vyd.] 
260 |a Trenčín  |b Trenčianska univerzita Alexandra Dubčeka  |c 2007 
300 |a 90 s.  |b fotogr. (prevažne fareb.), sch., tab.  |c 21 cm 
366 |e 100 výt. 
504 |a Bibliogr. odkazy 
546 |a Text aj čes. Res. slov. a čes. 
650 0 7 |a mechatronika  |2 SNKPH  |9 15114 
650 0 7 |a Mechatronics  |2 SNKPHeng  |9 327621 
650 0 7 |a zabezpečovacia technika  |2 SNKPH  |9 29322 
650 0 7 |a Security technology  |2 SNKPHeng  |9 310056 
655 7 |a zborníky konferencií  |2 SNKPH  |9 70153 
655 7 |a Proceedings of conferences  |2 SNKPHeng  |9 265791 
700 1 |a Anwarzai, Branislav  |4 edt  |9 475456 
700 1 |a Tkáč, Jozef  |4 edt  |9 327622 
919 |a 978-80-8075-215--6 
958 |a OND 
958 |a NB 
968 |d 62 
999 |c 999613  |d 1001543 
952 |a SNK  |b SNK  |y PREZ  |7 0  |p 17A0566894  |o snkSC 129703  |i snk2007/24090  |8 0  |0 0  |1 0  |4 0  |d 2007-11-07  |f 1  |l 0  |r 2025-06-18 00:00:00  |w 2026-02-24 
952 |a SNK  |b SNK  |y VYP  |7 0  |p 17A0566902  |o snkSC 129703 D1  |i snk2007/24091  |8 0  |0 0  |1 0  |4 0  |d 2007-11-07  |l 0  |r 2026-02-24 12:15:41  |w 2026-02-24